00680nam a2200181Ia 4500001001000000003000500010008004100015010001100056040000900067100003200076245016900108260003500277300001000312502008700322650001100409650002500420710005300445Para_1359CHAP220125s1999 xx 000 0 und d a200067 cCHAP aVasquez González, Gustavo aIdentificación de acaros asociados al bulbo del gladiolo (Gladiolus grandiflorus Bailey), en Villa Guerrero Estado de México /c por Gustavo Vazquez González aChapingo, Méx. :b El autor a94 h. aTesis (Ing. Agr. Esp. en Parasitología Agrícola), UACh. Depto. Parasitología aAcaros aGladiolas x plagas  aUACh. Departamento de Parasitología Agrícola